00652nam a2200181 a 450000100100000000500170001000800410002702000150006804000250008308200170010810000400012524501310016526000480029630000260034449000140037050000720038483000140045600002198320200930011530.0100915s2002 mx r 000 c spa d a9688345857 aDO-SdBNPbspacBNPHU aNNNbA283ó1 aAguilera Garramuño, Tulio,d1949-10aEl ojo en la sombra :bAntología de narrativa /cMarco Tulio Aguilera Garramuño ; selección y estudio de Peter G. Broad. aMéxico :bUniversidad Veracruzana,c2002. a263, [6] p. ;c21 cm.1 aFicción aIncluye nota y referencias bibliográficas al pie de las páginas 0aFicción